000 00371nam a2200157Ia 4500
003 OSt
005 20240720162317.0
008 170523s9999 xx 000 0 und d
020 _a0070486646
040 _ciimt university meerut
100 _a AMIR D.ACZEL
245 0 _aCOMPLETE BUSINESS STATISTICS
260 _bTATA MC GRAW HILL
260 _c2004
942 _2ddc
_c02
999 _c1302
_d1302